| 000 | 01159cab a2200253 4500 | ||
|---|---|---|---|
| 001 | ABS37199 | ||
| 008 | 090401t1986 xxu||||| |||| 00| 0 eng d | ||
| 035 | _a(Sirsi) u2799 | ||
| 041 | _aeng | ||
| 100 | _aHart, C. | ||
| 245 | _aFarm forestry | ||
| 260 | _c1986 | ||
| 350 | _a0 | ||
| 490 |
_aAMC Review _v(2) Winter 1986,8-9 (2) |
||
| 520 | _aA Chartered Surveyor and forester discusses the economics of farm forestry covering private forestry ,the gross cost for the establishment of such an enterprise,the problem of cash flow,the financial yields from forestry and comments briefly on timber prices . Concludes,that while there are opportunities to develop forestry as a general farm enterprise,this is unlikely to happen to any degree,unless the EEC, Government and the public accept the need to provide realistic long term support. Includes tables detailing costs and revenues for conifers and broadleaves and the Forestry Commission grant band per hectares. | ||
| 650 | _aECONOMICS | ||
| 650 | _aGRANTS | ||
| 650 | _aTAXATION | ||
| 650 | _aTIMBER | ||
| 650 | _aWOODLANDS | ||
| 690 | _aRURAL PRACTICE | ||
| 942 | _n0 | ||
| 948 | _c04/03/1997 | ||
| 999 |
_c1684 _d1684 |
||